[Event "SG Büchenbach/Roth e.V. 1-SK Schwanstett"]
[Site "?"]
[Date "2013.04.21"]
[Round "9.1"]
[White "Manthey, Frank"]
[Black "Herning, Jens"]
[Result "1/2-1/2"]
[WhiteElo "2067"]
[BlackElo "2123"]
[PlyCount "78"]
[EventDate "2013.??.??"]
[WhiteTeam "SK Schwanstetten 79 e.V. 1"]
[BlackTeam "SG Büchenbach/Roth e.V. 1"]

1. e4 c5 2. c3 Nf6 3. e5 Nd5 4. d4 cxd4 5. Nf3 e6 6. cxd4 d6 7. Bc4 Nc6 8. O-O
Be7 9. Qe2 O-O 10. Nc3 dxe5 11. dxe5 Nxc3 12. bxc3 Qa5 13. Bd2 Rd8 14. Rab1 Qa4
15. h3 a6 16. Bb3 Qa3 17. Be3 Bc5 18. Rfd1 Bd7 19. Bc2 Bxe3 20. Qxe3 Be8 21.
Rxd8 Rxd8 22. Rxb7 Qxa2 23. Qe4 g6 24. Rc7 Qa1+ 25. Kh2 Qxc3 26. Ba4 Qa5 27.
Rxc6 Bxc6 28. Bxc6 Rb8 29. Ng5 Qd2 30. Qh4 h5 31. Nxf7 Kxf7 32. Qf6+ Kg8 33.
Qxg6+ Kh8 34. Qf6+ Kg8 35. Qxe6+ Kh7 36. Qf7+ Kh8 37. Qxh5+ Kg8 38. Qg6+ Kh8
39. Be4 Qf4+ 1/2-1/2

[Event "SG Büchenbach/Roth e.V. 1-SK Schwanstett"]
[Site "?"]
[Date "2013.04.21"]
[Round "9.2"]
[White "Hofer, Markus"]
[Black "Kroneder, Christian"]
[Result "1/2-1/2"]
[WhiteElo "2135"]
[BlackElo "1975"]
[PlyCount "93"]
[EventDate "2013.??.??"]
[WhiteTeam "SG Büchenbach/Roth e.V. 1"]
[BlackTeam "SK Schwanstetten 79 e.V. 1"]

1. d4 d5 2. c4 c6 3. Nf3 Nf6 4. e3 Bf5 5. Nc3 e6 6. Nh4 Bg4 7. Qb3 Qb6 8. Qxb6
axb6 9. h3 Bh5 10. cxd5 exd5 11. Bd3 Bg6 12. Nxg6 hxg6 13. O-O Nbd7 14. e4 dxe4
15. Bxe4 Bb4 16. Bf3 O-O 17. Rd1 Ra5 18. Bd2 Raa8 19. a3 Bd6 20. d5 Ne5 21. Be2
Rad8 22. dxc6 bxc6 23. Bg5 Rfe8 24. Rd2 Bc7 25. Rad1 Rxd2 26. Rxd2 Rd8 27.
Rxd8+ Bxd8 28. Ne4 Kf8 29. Nxf6 gxf6 30. Bd2 Bc7 31. f4 Nd7 32. Bf3 c5 33. Kf2
Ke7 34. Ke3 f5 35. g4 fxg4 36. hxg4 Nf8 37. Ke4 Ne6 38. f5 gxf5+ 39. gxf5 Nd4
40. Bc3 Nxf3 41. Kxf3 Bh2 42. Ke4 Kd6 43. a4 Bg3 44. b3 Bh2 45. Bf6 Bg3 46. Bg7
Bh2 47. Bf8+ 1/2-1/2

[Event "SG Büchenbach/Roth e.V. 1-SK Schwanstett"]
[Site "?"]
[Date "2013.04.21"]
[Round "9.3"]
[White "Cipra, Lothar"]
[Black "Hacker, Jonas"]
[Result "0-1"]
[WhiteElo "1953"]
[BlackElo "2110"]
[PlyCount "74"]
[EventDate "2013.??.??"]
[WhiteTeam "SK Schwanstetten 79 e.V. 1"]
[BlackTeam "SG Büchenbach/Roth e.V. 1"]

1. d4 d5 2. c4 c6 3. Nc3 dxc4 4. e4 b5 5. a3 Bb7 6. f4 e6 7. Nf3 Nf6 8. Bd2 Be7
9. Be2 a6 10. O-O c5 11. e5 cxd4 12. exf6 Bxf6 13. Ne5 dxc3 14. Bxc3 O-O 15.
Qc2 Nc6 16. Rad1 Qb6+ 17. Kh1 Bxe5 18. fxe5 Rad8 19. Bf3 Ne7 20. Bb4 Bxf3 21.
gxf3 Rfe8 22. Bxe7 Rxe7 23. Qg2 Red7 24. Rg1 g6 25. Rxd7 Rxd7 26. f4 a5 27. h4
Qb7 28. Qxb7 Rxb7 29. Rd1 b4 30. Rd8+ Kg7 31. axb4 Rxb4 32. Rc8 Rxb2 33. Rxc4
Rb4 34. Rc5 Rxf4 35. Rxa5 Rxh4+ 36. Kg2 Rf4 37. Kg3 Rf5 0-1

[Event "SG Büchenbach/Roth e.V. 1-SK Schwanstett"]
[Site "?"]
[Date "2013.04.21"]
[Round "9.4"]
[White "Vasilache, Catalin"]
[Black "Arlt, Michael"]
[Result "1-0"]
[WhiteElo "1977"]
[BlackElo "1925"]
[PlyCount "59"]
[EventDate "2013.??.??"]
[WhiteTeam "SG Büchenbach/Roth e.V. 1"]
[BlackTeam "SK Schwanstetten 79 e.V. 1"]

1. d4 Nf6 2. Nf3 g6 3. c4 c5 4. d5 Ne4 5. Qd3 Qa5+ 6. Nfd2 f5 7. g3 Na6 8. Bg2
Nb4 9. Qb3 Nd6 10. Nc3 Rb8 11. O-O Bg7 12. a3 Na6 13. Nb5 Nxb5 14. cxb5 Nc7 15.
a4 d6 16. Nc4 Qb4 17. Qxb4 cxb4 18. Bd2 b6 19. Rac1 Kd8 20. Bxb4 a6 21. Nxb6
Bxb2 22. Rc2 Bd4 23. Nxc8 Rxc8 24. e3 Ba7 25. Ba5 axb5 26. axb5 Bc5 27. b6 Na6
28. b7+ Rc7 29. Rb1 Kd7 30. Bf1 1-0

[Event "SG Büchenbach/Roth e.V. 1-SK Schwanstett"]
[Site "?"]
[Date "2013.04.21"]
[Round "9.5"]
[White "Leonhardt, Frank"]
[Black "Margraf, Matthias"]
[Result "1/2-1/2"]
[WhiteElo "1886"]
[BlackElo "1969"]
[PlyCount "108"]
[EventDate "2013.??.??"]
[WhiteTeam "SK Schwanstetten 79 e.V. 1"]
[BlackTeam "SG Büchenbach/Roth e.V. 1"]

1. e4 e6 2. d4 d5 3. Nd2 Nf6 4. Bd3 dxe4 5. Nxe4 Nxe4 6. Bxe4 c5 7. Be3 cxd4 8.
Bxd4 Nc6 9. Bc3 Qxd1+ 10. Rxd1 Bd7 11. Nf3 O-O-O 12. O-O f6 13. Nd4 Bc5 14.
Rfe1 Nxd4 15. Bxd4 Bxd4 16. Rxd4 e5 17. Rc4+ Kb8 18. Rb4 Bc8 19. f3 g6 20. h4
Rd2 21. Bd3 Bf5 22. Ba6 b6 23. c3 Rhd8 24. Re2 Rd1+ 25. Kf2 h6 26. a4 g5 27. a5
R8d6 28. hxg5 hxg5 29. axb6 axb6 30. Bb5 Rb1 31. Ke3 Rbd1 32. Ba4 R1d3+ 33. Kf2
Bc8 34. Bc2 R3d5 35. Be4 Ra5 36. g4 Ba6 37. Re1 Ra2 38. Ke3 Ka7 39. Rh1 Rd7 40.
Rh6 Ra1 41. c4 Bb7 42. Bxb7 Re1+ 43. Kf2 Rdd1 44. Rh2 Kxb7 45. c5 b5 46. Rxb5+
Kc6 47. Rb6+ Kxc5 48. Rxf6 e4 49. Rf5+ Kd4 50. fxe4 Rxe4 51. Rg2 Rd2+ 52. Kg3
Rxg4+ 53. Kxg4 Rxg2+ 54. Kh5 Rxb2 1/2-1/2

[Event "SG Büchenbach/Roth e.V. 1-SK Schwanstett"]
[Site "?"]
[Date "2013.04.21"]
[Round "9.7"]
[White "Schulz, Wilfried"]
[Black "Adler, Herbert"]
[Result "1/2-1/2"]
[WhiteElo "1817"]
[BlackElo "1923"]
[PlyCount "86"]
[EventDate "2013.??.??"]
[WhiteTeam "SK Schwanstetten 79 e.V. 1"]
[BlackTeam "SG Büchenbach/Roth e.V. 1"]

1. e4 e6 2. d3 d5 3. Nd2 c5 4. g3 Nc6 5. Bg2 Nf6 6. Ne2 d4 7. O-O e5 8. h3 g5
9. a4 Bd6 10. Nc4 Rg8 11. Kh1 Qe7 12. f4 gxf4 13. gxf4 Nh5 14. f5 Bc7 15. Rf3
Qh4 16. Bd2 Bd7 17. Qe1 Qxe1+ 18. Bxe1 f6 19. a5 Kf7 20. Bd2 b5 21. axb6 axb6
22. Rxa8 Rxa8 23. Ng3 Ra1+ 24. Kh2 Nf4 25. Rf1 Ra2 26. Rb1 b5 27. Na3 Na5 28.
Bf3 Nb7 29. Ne2 Bd6 30. Nc1 Rxa3 31. bxa3 Bc6 32. Ne2 Nxe2 33. Bxe2 c4 34. Bb4
Nc5 35. Kg3 c3 36. Kf3 Be8 37. Rg1 Kf8 38. Kf2 Bf7 39. h4 Be8 40. Ra1 Ke7 41.
Bf3 h5 42. Ke2 Kf8 43. Rb1 Be7 1/2-1/2

[Event "SW Nürnberg Süd e.V. 3-SC Noris-Tarrasch"]
[Site "?"]
[Date "2013.04.21"]
[Round "9.1"]
[White "Seeger, Peter"]
[Black "Luther, Helmut"]
[Result "1-0"]
[WhiteElo "2018"]
[BlackElo "1921"]
[PlyCount "59"]
[EventDate "2013.??.??"]
[WhiteTeam "SC Noris-Tarrasch N 1873 e.V. 3"]
[BlackTeam "SW Nürnberg Süd e.V. 3"]

1. d4 d5 2. c4 e6 3. Nf3 Nf6 4. g3 c6 5. Qc2 Be7 6. Bg2 O-O 7. O-O Nbd7 8. Nbd2
Re8 9. e4 Nxe4 10. Nxe4 dxe4 11. Qxe4 Nf6 12. Qc2 c5 13. Rd1 Qb6 14. Bf4 cxd4
15. Rxd4 Bd7 16. Rad1 Bc6 17. Bd6 Bxd6 18. Rxd6 Red8 19. c5 Qc7 20. Qd3 Bd5 21.
Rxd8+ Rxd8 22. b4 b6 23. Qc2 bxc5 24. bxc5 Rc8 25. Rc1 Ne4 26. Nd4 Nxc5 27.
Bxd5 exd5 28. Qf5 Qd8 29. Nb3 g6 30. Qc2 1-0

[Event "SW Nürnberg Süd e.V. 3-SC Noris-Tarrasch"]
[Site "?"]
[Date "2013.04.21"]
[Round "9.2"]
[White "Kuhn, Christian"]
[Black "Reiser, Wolfgang"]
[Result "1-0"]
[WhiteElo "1842"]
[BlackElo "2000"]
[PlyCount "61"]
[EventDate "2013.??.??"]
[WhiteTeam "SW Nürnberg Süd e.V. 3"]
[BlackTeam "SC Noris-Tarrasch N 1873 e.V. 3"]

1. c4 e6 2. g3 Nf6 3. Bg2 d5 4. d4 Be7 5. Nf3 O-O 6. O-O c6 7. Qc2 Ne4 8. Nbd2
f5 9. b3 Nd7 10. Bb2 Ndf6 11. e3 b6 12. Ne5 Bb7 13. f3 Nxd2 14. Qxd2 Rc8 15.
Rac1 c5 16. Rfd1 dxc4 17. bxc4 Qc7 18. Qe2 Rfd8 19. Nd3 Nd7 20. Nf4 Nf8 21. d5
exd5 22. Nxd5 Bxd5 23. cxd5 Rb8 24. e4 fxe4 25. fxe4 Bg5 26. Rc2 Re8 27. e5 Ng6
28. d6 Qd8 29. e6 Bf6 30. Bc6 Rf8 31. Bxf6 1-0

[Event "SW Nürnberg Süd e.V. 3-SC Noris-Tarrasch"]
[Site "?"]
[Date "2013.04.21"]
[Round "9.3"]
[White "Krauß, Hermann"]
[Black "Thürauf, Peter"]
[Result "1-0"]
[WhiteElo "1987"]
[BlackElo "1774"]
[PlyCount "87"]
[EventDate "2013.??.??"]
[WhiteTeam "SC Noris-Tarrasch N 1873 e.V. 3"]
[BlackTeam "SW Nürnberg Süd e.V. 3"]

1. c4 e6 2. b3 d5 3. e3 Nf6 4. Nf3 c6 5. Ba3 Bxa3 6. Nxa3 Qe7 7. Nc2 e5 8. cxd5
Nxd5 9. d4 Bg4 10. dxe5 Bxf3 11. gxf3 Qxe5 12. Qd4 Qxd4 13. Nxd4 O-O 14. Bc4
Nb6 15. Be2 N8d7 16. O-O-O Nd5 17. Kb2 N7b6 18. Rd2 c5 19. Nb5 a6 20. Nd6 Rab8
21. Rc1 Rfd8 22. Ne4 f5 23. Nxc5 Nb4 24. Rcd1 Rdc8 25. Ne6 Kf7 26. a3 Kxe6 27.
Rd6+ Ke7 28. axb4 Rc6 29. Rxc6 bxc6 30. Bxa6 Nd5 31. Bd3 Rxb4 32. Bxf5 g6 33.
Be4 Ke6 34. Bxd5+ cxd5 35. Rd4 Rb7 36. b4 Rf7 37. Rf4 Ra7 38. b5 Kd6 39. b6 Rb7
40. Rb4 Kc5 41. Kc3 g5 42. Rb1 h6 43. h3 h5 44. Rb4 1-0

[Event "SW Nürnberg Süd e.V. 3-SC Noris-Tarrasch"]
[Site "?"]
[Date "2013.04.21"]
[Round "9.4"]
[White "Billmann, Andreas"]
[Black "Surinya, Tibor"]
[Result "0-1"]
[WhiteElo "1915"]
[BlackElo "1973"]
[PlyCount "82"]
[EventDate "2013.??.??"]
[WhiteTeam "SW Nürnberg Süd e.V. 3"]
[BlackTeam "SC Noris-Tarrasch N 1873 e.V. 3"]

1. d4 Nf6 2. Nf3 e6 3. c4 Bb4+ 4. Nc3 O-O 5. Qc2 c5 6. e3 cxd4 7. exd4 b6 8.
Be2 Bb7 9. O-O h6 10. a3 Be7 11. b4 d6 12. h3 Nbd7 13. Be3 a6 14. Rac1 Rc8 15.
Qd2 Qc7 16. Nh2 Nh7 17. d5 e5 18. f4 f5 19. g4 g5 20. gxf5 gxf4 21. Bf2 Kh8 22.
Kh1 Rg8 23. Rg1 Ng5 24. Qd3 Nf6 25. h4 Ngh7 26. Rg6 b5 27. Rxg8+ Kxg8 28. Ne4
bxc4 29. Nxf6+ Nxf6 30. Rg1+ Kh7 31. Qc2 Bxd5+ 32. Bf3 e4 33. Bg2 Qd7 34. Bd4
Qxf5 35. Bxf6 Bxf6 36. Re1 Re8 37. h5 Re5 38. a4 f3 39. Bf1 e3 40. Qxf5+ Rxf5
41. Rxe3 f2+ 0-1

[Event "SW Nürnberg Süd e.V. 3-SC Noris-Tarrasch"]
[Site "?"]
[Date "2013.04.21"]
[Round "9.5"]
[White "Lutzky, Manfred"]
[Black "Lais, Thomas"]
[Result "1/2-1/2"]
[WhiteElo "1923"]
[BlackElo "1926"]
[PlyCount "34"]
[EventDate "2013.??.??"]
[WhiteTeam "SC Noris-Tarrasch N 1873 e.V. 3"]
[BlackTeam "SW Nürnberg Süd e.V. 3"]

1. e4 c5 2. c3 Nf6 3. e5 Nd5 4. d4 cxd4 5. Qxd4 e6 6. Bc4 Nc6 7. Qe4 Nb6 8. Bb3
Qc7 9. Nf3 d5 10. exd6 Bxd6 11. O-O O-O 12. Ng5 g6 13. Qh4 h5 14. g4 Kg7 15.
gxh5 gxh5 16. Nd2 Ne5 17. Ndf3 Ng6 1/2-1/2

[Event "SW Nürnberg Süd e.V. 3-SC Noris-Tarrasch"]
[Site "?"]
[Date "2013.04.21"]
[Round "9.6"]
[White "Siptitz, Friedrich"]
[Black "Pranschke, Gerd"]
[Result "1/2-1/2"]
[WhiteElo "1933"]
[BlackElo "1887"]
[PlyCount "126"]
[EventDate "2013.??.??"]
[WhiteTeam "SW Nürnberg Süd e.V. 3"]
[BlackTeam "SC Noris-Tarrasch N 1873 e.V. 3"]

1. d4 Nf6 2. g3 g6 3. Bg2 Bg7 4. c4 O-O 5. Nf3 d6 6. Nc3 c6 7. O-O Qc7 8. e4
Bg4 9. Be3 Nbd7 10. Qd2 Bxf3 11. Bxf3 Rfe8 12. Bg2 e5 13. d5 c5 14. Bh3 a6 15.
Qd3 Rab8 16. a4 b6 17. Rae1 h6 18. Kh1 Kh7 19. Bd2 Rf8 20. f4 Rbe8 21. f5 Qd8
22. g4 Ng8 23. Qg3 g5 24. Bg2 Bf6 25. Qd3 Ne7 26. Ra1 a5 27. Rg1 Nc8 28. Ne2
Rh8 29. Ng3 Reg8 30. Nh5 Qe7 31. Bf3 Na7 32. Rg2 Nc8 33. Rag1 Re8 34. Be3 Bg7
35. Qd2 f6 36. h4 Kg8 37. Bd1 Nf8 38. Qf2 Nh7 39. Rh2 Kf7 40. Rf1 Qd7 41. hxg5
Nxg5 42. Bc2 Reg8 43. Qh4 Ke8 44. Bxg5 hxg5 45. Qe1 Qf7 46. Rf3 Rh6 47. Rfh3
Rgh8 48. Bd1 Ne7 49. Qc3 Nc8 50. Qb3 Kd8 51. Qb5 Bf8 52. Kg2 Be7 53. Qc6 Bf8
54. Qb5 Be7 55. Qb3 Bf8 56. Kg3 Be7 57. Qf3 Bf8 58. Qh1 Ne7 59. Kg2 Ng8 60. b3
Kc7 61. Ng3 Rxh3 62. Rxh3 Rxh3 63. Qxh3 Kd7 1/2-1/2

[Event "SW Nürnberg Süd e.V. 3-SC Noris-Tarrasch"]
[Site "?"]
[Date "2013.04.21"]
[Round "9.7"]
[White "Renner, Christian"]
[Black "Pidtoptanyy, Igor"]
[Result "1/2-1/2"]
[WhiteElo "1896"]
[BlackElo "1877"]
[PlyCount "64"]
[EventDate "2013.??.??"]
[WhiteTeam "SC Noris-Tarrasch N 1873 e.V. 3"]
[BlackTeam "SW Nürnberg Süd e.V. 3"]

1. d4 Nf6 2. Nf3 d5 3. c4 e6 4. Nc3 Bb4 5. Bg5 O-O 6. e3 b6 7. Bd3 h6 8. Bh4
Bb7 9. O-O Nbd7 10. cxd5 exd5 11. Ne5 Be7 12. f4 Nxe5 13. fxe5 Nh7 14. Bg3 Ng5
15. Qg4 Bc8 16. Qe2 Ne6 17. Qf3 Bb7 18. Qg4 Bc8 19. Qf3 c6 20. Rad1 Ng5 21. Qh5
Be6 22. Bc2 Qd7 23. h3 b5 24. Bf4 b4 25. Ne2 Ne4 26. Ng3 Nxg3 27. Bxg3 Bg5 28.
Bf4 g6 29. Bxg6 fxg6 30. Qxg6+ Kh8 31. Bxg5 hxg5 32. Qh6+ Kg8 1/2-1/2

[Event "SW Nürnberg Süd e.V. 3-SC Noris-Tarrasch"]
[Site "?"]
[Date "2013.04.21"]
[Round "9.8"]
[White "Krasotin, Valentin"]
[Black "Loebel, Petra"]
[Result "0-1"]
[WhiteElo "1708"]
[BlackElo "1798"]
[PlyCount "84"]
[EventDate "2013.??.??"]
[WhiteTeam "SW Nürnberg Süd e.V. 3"]
[BlackTeam "SC Noris-Tarrasch N 1873 e.V. 3"]

1. e4 e6 2. d4 d5 3. e5 c5 4. c3 Nc6 5. Nf3 Bd7 6. a3 f6 7. b4 fxe5 8. Bg5 Qc7
9. bxc5 g6 10. Nbd2 Bg7 11. Nb3 Nf6 12. dxe5 Nxe5 13. Bxf6 Bxf6 14. Nfd4 a6 15.
Rb1 O-O 16. c6 Nxc6 17. Nc5 Nd8 18. Nxd7 Qxd7 19. Be2 Rc8 20. Qd3 e5 21. Nb3 e4
22. Qe3 Bxc3+ 23. Kf1 Ne6 24. Bg4 h5 25. Nc5 Rxc5 26. Bxe6+ Qxe6 27. Qxc5 d4
28. Kg1 e3 29. h3 Qa2 30. Rb6 Qxf2+ 31. Kh2 Qf4+ 32. Kg1 Qf5 33. Qc4+ Qf7 34.
Rxg6+ Kh7 35. Qxf7+ Rxf7 36. Re6 b5 37. Kh2 a5 38. Re5 Kg6 39. Rxb5 e2 40. Re5
d3 41. Re3 Rf1 42. Rxd3 Rxh1+ 0-1

[Event "SW Nürnberg Süd e.V. 2-SC Erlangen 48/88"]
[Site "?"]
[Date "2013.04.21"]
[Round "9.1"]
[White "Martin Fernandez, Rodrigo"]
[Black "Eiber, Manfred"]
[Result "0-1"]
[WhiteElo "2083"]
[BlackElo "2089"]
[PlyCount "113"]
[EventDate "2013.??.??"]
[WhiteTeam "SC Erlangen 48/88 e.V. 2"]
[BlackTeam "SW Nürnberg Süd e.V. 2"]

1. d4 Nf6 2. c4 e6 3. g3 Bb4+ 4. Nd2 Nc6 5. Ngf3 O-O 6. Bg2 Ne4 7. O-O Nxd2 8.
Bxd2 Bxd2 9. Qxd2 d6 10. Rfd1 Qe7 11. Rac1 e5 12. d5 Nd8 13. c5 f5 14. cxd6
cxd6 15. Rc4 b6 16. Rdc1 Ba6 17. Rc7 Qf6 18. e4 Nf7 19. exf5 Qxf5 20. Nh4 Qf6
21. Nf3 Bc8 22. R1c4 b5 23. Rc3 Bg4 24. Qe3 a6 25. h4 Rae8 26. Nd2 e4 27. Nxe4
Qg6 28. Qd4 Bf5 29. Nd2 Re1+ 30. Kh2 Ne5 31. f3 Bd3 32. Rc8 Qf5 33. Rxf8+ Kxf8
34. g4 Qd7 35. Rxd3 Nxd3 36. Qxd3 Qe7 37. Qf5+ Kg8 38. Qc8+ Kf7 39. Qf5+ Kg8
40. Kg3 g6 41. Qg5 Qxg5 42. hxg5 Kf8 43. Kf2 Ra1 44. Ke3 Rxa2 45. b3 a5 46. Bf1
a4 47. bxa4 bxa4 48. Bc4 Ra1 49. Ne4 Ra3+ 50. Ke2 Ke7 51. f4 Rh3 52. f5 a3 53.
Nxd6 Rc3 54. Nb5 Rxc4 55. Nxa3 Rd4 56. Ke3 Rxd5 57. Nc4 0-1

[Event "SW Nürnberg Süd e.V. 2-SC Erlangen 48/88"]
[Site "?"]
[Date "2013.04.21"]
[Round "9.2"]
[White "Redzepovic, Irfan"]
[Black "Götz, Andreas"]
[Result "1/2-1/2"]
[WhiteElo "2094"]
[BlackElo "2024"]
[PlyCount "99"]
[EventDate "2013.??.??"]
[WhiteTeam "SW Nürnberg Süd e.V. 2"]
[BlackTeam "SC Erlangen 48/88 e.V. 2"]

1. d4 Nf6 2. Nf3 e6 3. e3 b6 4. Bd3 Bb7 5. Nbd2 c5 6. b3 cxd4 7. exd4 Be7 8.
Bb2 O-O 9. O-O Ba6 10. c4 d6 11. Qe2 Nbd7 12. Rfe1 Bb7 13. Rad1 Re8 14. Bb1 Qc7
15. Qd3 g6 16. Ng5 Bf8 17. Qh3 Bg7 18. Re3 h6 19. Ngf3 Nf8 20. Qh4 Qd8 21. g4
d5 22. Qg3 N8d7 23. h4 Qb8 24. Ne5 Rd8 25. f4 Nh7 26. h5 g5 27. Ndf3 Nxe5 28.
Nxe5 gxf4 29. Bxh7+ Kxh7 30. Qxf4 Rf8 31. Ba3 Bxe5 32. dxe5 Rg8 33. Qxf7+ Rg7
34. Qf4 Qg8 35. Rg3 Rd8 36. Bc1 Rg5 37. Qf6 Rf8 38. Bxg5 Rxf6 39. Bxf6 Qe8 40.
Rd2 Qc6 41. g5 Qc5+ 42. Kh2 Qb4 43. g6+ Kg8 44. Rgd3 Qc5 45. Rf3 d4 46. Rf4 Qc6
47. Rfxd4 Qh1+ 48. Kg3 Qf3+ 49. Kh2 Qh1+ 50. Kg3 1/2-1/2

[Event "SW Nürnberg Süd e.V. 2-SC Erlangen 48/88"]
[Site "?"]
[Date "2013.04.21"]
[Round "9.3"]
[White "Nehls, Benedikt"]
[Black "Erlbeck, Peter"]
[Result "1-0"]
[WhiteElo "2007"]
[BlackElo "2043"]
[PlyCount "143"]
[EventDate "2013.??.??"]
[WhiteTeam "SC Erlangen 48/88 e.V. 2"]
[BlackTeam "SW Nürnberg Süd e.V. 2"]

1. d4 f5 2. Bg5 g6 3. Nc3 Bg7 4. e3 c6 5. Nf3 d6 6. Qd2 Nd7 7. Bd3 h6 8. Bh4
Qa5 9. Bg3 g5 10. b4 Qxb4 11. Bxf5 Nb6 12. Bg6+ Kf8 13. Rb1 Qa5 14. O-O h5 15.
h4 Bf6 16. hxg5 Bxg5 17. Nh4 Nd5 18. Ne4 Qxd2 19. Nxd2 Kg7 20. Bd3 Nxe3 21.
fxe3 Bxe3+ 22. Rf2 Bxd4 23. Kh1 Bxf2 24. Bxf2 Nf6 25. Ng6 Re8 26. Be1 e5 27.
Nh4 d5 28. Nf5+ Bxf5 29. Bxf5 Ng4 30. Bg3 e4 31. Nb3 Rad8 32. Nc5 b6 33. Ne6+
Rxe6 34. Bxe6 Nf6 35. Bh4 Rd6 36. Bf5 c5 37. Bg3 Rc6 38. Bh4 Ng4 39. Bxg4 hxg4
40. c3 Rd6 41. Kg1 Rd7 42. Bg3 Kg6 43. Rd1 d4 44. cxd4 cxd4 45. Bf2 d3 46. Be3
Rc7 47. Kf2 Rc2+ 48. Rd2 Rc8 49. Kg3 Kf5 50. Rf2+ Ke5 51. Kxg4 Rg8+ 52. Kh5
Rh8+ 53. Kg6 Rg8+ 54. Kh5 Rh8+ 55. Kg4 Rg8+ 56. Kh3 Rh8+ 57. Kg3 Rh1 58. Rd2
Rf1 59. Rb2 Kd5 60. Rf2 Re1 61. Kf4 Rh1 62. g4 Rg1 63. g5 Rh1 64. Rg2 Rf1+ 65.
Kg4 Ke6 66. Bd4 Rf8 67. g6 Kd5 68. Be3 Ke5 69. Kg5 Rf5+ 70. Kh6 Rf3 71. Rg5+
Ke6 72. g7 1-0

[Event "SW Nürnberg Süd e.V. 2-SC Erlangen 48/88"]
[Site "?"]
[Date "2013.04.21"]
[Round "9.4"]
[White "Bolten, Daniel"]
[Black "Petzold, Vinzenz"]
[Result "1/2-1/2"]
[WhiteElo "2014"]
[BlackElo "1994"]
[PlyCount "104"]
[EventDate "2013.??.??"]
[WhiteTeam "SW Nürnberg Süd e.V. 2"]
[BlackTeam "SC Erlangen 48/88 e.V. 2"]

1. Nf3 d5 2. g3 Nf6 3. Bg2 c5 4. c4 d4 5. b4 cxb4 6. a3 b3 7. Qxb3 Nc6 8. O-O
e6 9. d3 Be7 10. Bg5 O-O 11. Nbd2 e5 12. Qb5 Qc7 13. Rfb1 h6 14. Bxf6 Bxf6 15.
Ne1 g6 16. Ne4 Bg7 17. Nc5 Nd8 18. Qb4 Nc6 19. Qa4 Nd8 20. Na6 Qe7 21. Nb4 Bd7
22. Nd5 Qd6 23. Qb4 Qb8 24. Qe7 Qc8 25. Qd6 Nc6 26. Ne7+ Nxe7 27. Rxb7 Bc6 28.
Rxe7 Bxg2 29. Nxg2 Rd8 30. Qc7 Qxc7 31. Rxc7 Rdb8 32. Rc5 Rb2 33. Kf1 Rab8 34.
Nh4 R8b7 35. a4 Kf8 36. Rb5 Ke7 37. Nf3 f6 38. Nh4 Kf7 39. Rxb7+ Rxb7 40. Ra2
Bf8 41. e3 Bc5 42. Ke2 Rb3 43. e4 Bb4 44. Nf3 Bc3 45. h4 h5 46. Nd2 Rb8 47. Kd1
Ke6 48. Kc1 Bxd2+ 49. Kxd2 Rb3 50. Kc2 Rc3+ 51. Kd2 Rb3 52. Kc2 Rc3+ 1/2-1/2

[Event "SW Nürnberg Süd e.V. 2-SC Erlangen 48/88"]
[Site "?"]
[Date "2013.04.21"]
[Round "9.5"]
[White "Dürr, Florian"]
[Black "Just, Hannes"]
[Result "1-0"]
[WhiteElo "1946"]
[BlackElo "2047"]
[PlyCount "53"]
[EventDate "2013.??.??"]
[WhiteTeam "SC Erlangen 48/88 e.V. 2"]
[BlackTeam "SW Nürnberg Süd e.V. 2"]

1. c4 e5 2. g3 Nf6 3. Bg2 d5 4. cxd5 Nxd5 5. Nc3 Nb6 6. Nf3 Nc6 7. O-O Be7 8.
d3 O-O 9. a3 Re8 10. b4 Bf8 11. Bb2 Be6 12. Rc1 a5 13. b5 Nd4 14. Nd2 Nd5 15.
Bxd5 Bxd5 16. e3 Be6 17. exd4 exd4 18. Ne2 Bd6 19. Nxd4 Bh3 20. Re1 Be5 21. Qh5
Bxd4 22. Rxe8+ Qxe8 23. Bxd4 Qd7 24. Bc3 Bg4 25. Qe5 f6 26. Qd4 Qf5 27. Qe4 1-0

[Event "SW Nürnberg Süd e.V. 2-SC Erlangen 48/88"]
[Site "?"]
[Date "2013.04.21"]
[Round "9.6"]
[White "Konsek, Peter"]
[Black "Adelhütte, Dennis"]
[Result "1-0"]
[WhiteElo "1928"]
[BlackElo "1925"]
[PlyCount "105"]
[EventDate "2013.??.??"]
[WhiteTeam "SW Nürnberg Süd e.V. 2"]
[BlackTeam "SC Erlangen 48/88 e.V. 2"]

1. e4 e6 2. d4 d5 3. Nc3 Nf6 4. Bg5 Bb4 5. e5 h6 6. Bc1 Ne4 7. Qg4 Kf8 8. a3
Bxc3+ 9. bxc3 c5 10. Bd3 cxd4 11. Bxe4 dxe4 12. Qxe4 Nc6 13. Nf3 dxc3 14. O-O
Ne7 15. Be3 Nd5 16. Bc5+ Kg8 17. Nd4 Bd7 18. f4 Rc8 19. Bd6 Rc4 20. Rab1 b5 21.
Qd3 Qb6 22. Qxc4 bxc4 23. Rxb6 axb6 24. Rf3 Kh7 25. g4 f6 26. f5 exf5 27. e6
fxg4 28. exd7 gxf3 29. Ne6 Ra8 30. Kf2 Kg6 31. Kxf3 Kf7 32. d8=Q Rxd8 33. Nxd8+
Ke8 34. Ke4 Ne7 35. Bxe7 Kxe7 36. Nc6+ Kd6 37. Nd4 g6 38. Nb5+ Ke6 39. Nxc3 f5+
40. Kd4 g5 41. Na4 b5 42. Nc3 g4 43. Nxb5 f4 44. Ke4 f3 45. Nd4+ Kd6 46. Nxf3
gxf3 47. Kxf3 Kc5 48. Ke4 Kb5 49. Kd4 h5 50. h4 Ka4 51. Kxc4 Kxa3 52. Kb5 Kb2
53. c4 1-0

[Event "SW Nürnberg Süd e.V. 2-SC Erlangen 48/88"]
[Site "?"]
[Date "2013.04.21"]
[Round "9.7"]
[White "Weiß, Markus"]
[Black "Wörl, Richard"]
[Result "0-1"]
[WhiteElo "1864"]
[BlackElo "1937"]
[PlyCount "109"]
[EventDate "2013.??.??"]
[WhiteTeam "SC Erlangen 48/88 e.V. 2"]
[BlackTeam "SW Nürnberg Süd e.V. 2"]

1. d4 d5 2. c4 e6 3. Nc3 Nf6 4. cxd5 exd5 5. Bg5 Be7 6. e3 c6 7. Bd3 Ne4 8.
Bxe7 Qxe7 9. Qc2 Nxc3 10. bxc3 Nd7 11. Ne2 Nf6 12. O-O Ng4 13. Bf5 g6 14. Bxc8
Rxc8 15. c4 Qd6 16. Ng3 h5 17. cxd5 O-O 18. Qe2 cxd5 19. Rfc1 Rc6 20. Rxc6 Qxc6
21. f3 Qc3 22. Re1 Nf6 23. Rb1 h4 24. Nf1 b6 25. Qb2 Rc8 26. Qxc3 Rxc3 27. Rd1
Kf8 28. Kf2 Ke7 29. Ke2 Kd6 30. Rd3 Rc4 31. Ra3 a5 32. Nd2 Rc1 33. e4 Nh5 34.
Ke3 g5 35. Rb3 Rc6 36. exd5 Kxd5 37. Rb5+ Kd6 38. Ne4+ Kc7 39. Rxg5 Nf6 40.
Nxf6 Rxf6 41. Rh5 Rg6 42. Kf2 Rc6 43. Re5 Kd6 44. Re2 Kd5 45. Rd2 b5 46. Ke3 b4
47. Kf4 a4 48. Kg5 Rc4 49. f4 Rxd4 50. Rf2 a3 51. Kxh4 Rd1 52. Kg3 Rb1 53. h4
Rb2 54. h5 Rxf2 55. h6 0-1

[Event "SW Nürnberg Süd e.V. 2-SC Erlangen 48/88"]
[Site "?"]
[Date "2013.04.21"]
[Round "9.8"]
[White "Werner, Thomas"]
[Black "Müller, Ralf Reiner"]
[Result "0-1"]
[WhiteElo "1923"]
[BlackElo "2020"]
[PlyCount "100"]
[EventDate "2013.??.??"]
[WhiteTeam "SW Nürnberg Süd e.V. 2"]
[BlackTeam "SC Erlangen 48/88 e.V. 2"]

1. d4 Nf6 2. c4 g6 3. Nc3 d5 4. cxd5 Nxd5 5. e4 Nxc3 6. bxc3 Bg7 7. Rb1 c5 8.
Nf3 Nc6 9. d5 Ne5 10. Nxe5 Bxe5 11. Qd2 O-O 12. f4 Bg7 13. Be2 e5 14. O-O exf4
15. c4 Bd4+ 16. Kh1 f5 17. exf5 g5 18. g4 fxg3 19. hxg3 Bxf5 20. Rxb7 Be4+ 21.
Kh2 Rxf1 22. Bxf1 h6 23. Bh3 Rb8 24. Rxb8 Qxb8 25. Qe2 Qe5 26. Bg2 Bb1 27. Qxe5
Bxe5 28. Be3 Bd6 29. Bf1 Bxa2 30. Bd3 a5 31. Kg2 a4 32. Kf3 Bb3 33. Bc1 Kf7 34.
Bb2 Bd1+ 35. Kf2 h5 36. Bf5 Bb3 37. Bd3 Be7 38. Ba3 Ke8 39. Kf3 Kd7 40. Bb2 Kd6
41. Ke4 Bd8 42. Kf5 h4 43. gxh4 gxh4 44. Be5+ Kd7 45. Bf1 a3 46. Ke4 Bc2+ 47.
Kf4 a2 48. Bh3+ Ke8 49. Be6 Bc7 50. Bxc7 a1=Q 0-1

[Event "SF Fürth 1951 e.V. 1-SC Postbauer-Heng e.V. 1"]
[Site "?"]
[Date "2013.04.21"]
[Round "9.1"]
[Board "1"]
[White "Bauer, Andreas"]
[Black "Wittmann, Karl"]
[Result "1/2-1/2"]
[WhiteElo "2085"]
[BlackElo "2025"]
[WhiteTeam "SC Postbauer-Heng e.V. 1"]
[BlackTeam "SF Fürth 1951 e.V. 1"]

1.e4 e5 2.Nf3 Nc6 3.Nc3 Nf6 4.a3 d6 5.d4 Be7 6.Bb5 exd4 7.Nxd4 Bd7 8.O-O Nxd4
9.Qxd4 Bxb5 10.Nxb5 Qd7 11.c4 O-O 12.f3 b6 13.Kh1 Rfd8 14.Rd1 Qc8 15.Be3 Nd7
16.Qd2 Ne5 17.Rac1 Bf6 18.Bg5 Bxg5 19.Qxg5 h6 20.Qg3 Re8 21.Nd4 Qd8 22.b4 Qf6
23.Nb5 Re7 24.Nd4 Ng6 25.Nf5 Re5 26.Qe1 Rae8 27.Qd2 a5 28.h3 Nh4 29.Nxh4 Qxh4
30.c5 d5 31.cxb6 cxb6 32.Qd4 dxe4 33.fxe4 Rxe4 34.Qxb6 axb4 35.axb4 Rxb4 36.Qc6
Rbe4 37.Rf1 Qg3 38.Qd5 R4e7 39.Qf3 Qg6 40.Rc6 f6 41.Qd5+ Kh8 42.Ra6 Re5
43.Qf3 1/2-1/2